| 000 | 00604nam a2200169 4500 | ||
|---|---|---|---|
| 999 |
_c17398 _d17398 |
||
| 008 | 221008b ||||| |||| 00| 0 eng d | ||
| 020 | _a9780367609542 | ||
| 082 |
_22022 _aDC 370.157 _bSt285 |
||
| 100 |
_aStarko, Alane Jordan. _946297 |
||
| 245 |
_aCreativity in the classroom : _bschools of curious delight / _cAlane Jordan Starko. |
||
| 250 | _aSeventh edition. | ||
| 260 |
_aNew York ; _bRoutledge, _c©2022. |
||
| 300 |
_axix, 442 pages : _billustrations, _c25 cm. |
||
| 500 | _aIncludes appendix, bibliographical references and indexes. | ||
| 650 |
_aCreative thinking. _946298 |
||
| 942 |
_2ddc _cDC |
||